[Event "IECC P email"]
[Site "IECC email"]
[Date "2002.11.28"]
[Round "?"]
[White "Chadwick, Charles"]
[Black "Calvert, Ian"]
[Result "1/2-1/2"]
[WhiteElo "1827"]
[BlackElo "2006"]
[PlyCount "41"]
[EventDate "2002.??.??"]
[EventType "tourn (corr)"]
[EventRounds "6"]
[SourceTitle "Corr 2008"]
[Source "ChessBase"]
[SourceDate "2008.06.24"]
[SourceVersion "1"]
[SourceVersionDate "2008.06.24"]
[SourceQuality "1"]

1. d4 d5 2. Nf3 Nf6 3. c4 c6 4. cxd5 cxd5 5. Nc3 Nc6 6. Bf4 Bf5 7. e3 e6 8. Ne5 Nxe5 9. Bxe5 Nd7 10. Bg3 a6 11. Bd3 Bxd3 12. Qxd3 Be7 13. 0-0 0-0 14. Rfc1 Qa5 15. a3 Rfc8 16. b4 Qd8 17. Na4 a5 18. Nc5 axb4 19. axb4 Rxa1 20. Rxa1 Bxc5 21. bxc5 1/2-1/2

[Event "IECC P email"]
[Site "IECC email"]
[Date "2000.07.16"]
[Round "?"]
[White "Calvert, Ian"]
[Black "Dunn, Carl"]
[Result "1/2-1/2"]
[WhiteElo "2053"]
[BlackElo "1917"]
[PlyCount "66"]
[EventDate "2000.??.??"]
[EventType "tourn (corr)"]
[EventRounds "6"]
[SourceTitle "Corr 2008"]
[Source "ChessBase"]
[SourceDate "2008.06.24"]
[SourceVersion "1"]
[SourceVersionDate "2008.06.24"]
[SourceQuality "1"]

1. b3 Nf6 2. Bb2 g6 3. Nf3 Bg7 4. g3 0-0 5. Bg2 c5 6. c4 Nc6 7. 0-0 d6 8. d4 cxd4 9. Nxd4 Bd7 10. Nc3 Nxd4 11. Qxd4 Bc6 12. Nd5 Ne8 13. Qd2 Bxb2 14. Qxb2 e6 15. Nf4 Bxg2 16. Nxg2 Qf6 17. Qd2 Qe5 18. Rfd1 Rc8 19. Rac1 b6 20. Nf4 f5 21. h4 Rf7 22. Qc3 Qxc3 23. Rxc3 Re7 24. Rcd3 Kf7 25. Kg2 Rd7 26. f3 a6 27. e4 fxe4 28. fxe4 b5 29. Rf3 Ke7 30. cxb5 axb5 31. Re1 Rc2+ 32. Rf2 Rxf2+ 33. Kxf2 Rc7 1/2-1/2

[Event "IECC P email"]
[Site "IECC email"]
[Date "1999.07.08"]
[Round "?"]
[White "Calvert, Ian"]
[Black "Berchtold, Axel"]
[Result "1/2-1/2"]
[WhiteElo "2050"]
[BlackElo "2165"]
[PlyCount "112"]
[EventDate "1999.??.??"]
[EventType "tourn (corr)"]
[EventRounds "6"]
[SourceTitle "Corr 2008"]
[Source "ChessBase"]
[SourceDate "2008.06.24"]
[SourceVersion "1"]
[SourceVersionDate "2008.06.24"]
[SourceQuality "1"]

1. b3 Nf6 2. Bb2 e6 3. Nf3 d5 4. e3 c5 5. Ne5 Bd6 6. f4 Nbd7 7. Bd3 Qc7 8. Nxd7 Bxd7 9. Bxf6 gxf6 10. Nc3 Bf8 11. Bb5 f5 12. Qe2 Bc6 13. Bxc6+ bxc6 14. 0-0 Rg8 15. Na4 Rb8 16. c4 Rg6 17. Rac1 Qa5 18. d3 Rd8 19. Rcd1 Be7 20. e4 fxe4 21. dxe4 Qc7 22. Qf3 d4 23. Nb2 Bd6 24. Nd3 Rg7 25. Kh1 Bf8 26. f5 e5 27. f6 Rg5 28. h4 Rg6 29. Qh5 Rh6 30. Qg5 Rg6 31. Qf5 Bd6 32. Rf3 Qd7 33. Nxe5 Qxf5 34. Rxf5 Bxe5 35. Rxe5+ Kf8 36. Rf5 Rg4 37. Rxc5 Rxh4+ 38. Kg1 Rxe4 39. Rxc6 Re6 40. Rc7 a6 41. b4 Rxf6 42. a4 d3 43. Rd2 Rb6 44. b5 axb5 45. cxb5 Rd4 46. Ra7 h5 47. Kf2 Rd5 48. Kf3 h4 49. Rc7 Rd4 50. Rc6 Rxc6 51. bxc6 Rxa4 52. Rxd3 Rc4 53. Rd6 Ke7 54. Rh6 f6 55. Rh7+ Kd6 56. c7 Rxc7 1/2-1/2

[Event "IECC P email"]
[Site "IECC email"]
[Date "1999.02.24"]
[Round "?"]
[White "Calvert, Ian"]
[Black "Nowicki, Andrzej"]
[Result "1-0"]
[WhiteElo "2038"]
[BlackElo "1964"]
[PlyCount "83"]
[EventDate "1999.??.??"]
[EventType "tourn (corr)"]
[EventRounds "6"]
[SourceTitle "Corr 2008"]
[Source "ChessBase"]
[SourceDate "2008.06.24"]
[SourceVersion "1"]
[SourceVersionDate "2008.06.24"]
[SourceQuality "1"]

1. b3 e5 2. Bb2 d5 3. Bxe5 Nc6 4. Bb2 Nf6 5. e3 Bf5 6. Bb5 Bd6 7. Nf3 0-0 8. Bxc6 bxc6 9. d3 Rb8 10. Nbd2 Qe7 11. 0-0 c5 12. e4 dxe4 13. Bxf6 Qxf6 14. Nxe4 Bxe4 15. dxe4 Rfe8 16. Qe2 c4 17. Rad1 Qe6 18. e5 cxb3 19. axb3 Bxe5 20. Qxe5 Qxe5 21. Nxe5 Rxe5 22. Rd7 Rc5 23. Rfd1 Kf8 24. R1d2 Re8 25. f4 Re4 26. g3 Rc3 27. Kf2 Re6 28. R7d3 Rxd3 29. Rxd3 Rc6 30. c4 Rb6 31. Ke3 a5 32. Kd2 Rd6 33. Rxd6 cxd6 34. Kd3 Ke7 35. Kd4 Ke6 36. f5+ Ke7 37. Kd5 Kd7 38. c5 dxc5 39. Kxc5 Ke7 40. Kb5 Kf6 41. Kxa5 Kxf5 42. b4 1-0

[Event "IECG CP.1998.Q.00007"]
[Site "IECG email"]
[Date "1999.??.??"]
[Round "?"]
[White "Calvert, Ian"]
[Black "Fedorko, Andrew"]
[Result "1/2-1/2"]
[WhiteElo "2065"]
[BlackElo "2029"]
[PlyCount "32"]
[EventDate "1999.10.01"]
[EventType "tourn (corr)"]
[EventRounds "8"]
[EventCountry "NED"]
[SourceTitle "Corr 2008"]
[Source "ChessBase"]
[SourceDate "2008.06.24"]
[SourceVersion "1"]
[SourceVersionDate "2008.06.24"]
[SourceQuality "1"]

1. b3 e5 2. Bb2 Nc6 3. e3 d6 4. Nf3 Nf6 5. d4 exd4 6. Nxd4 Bd7 7. c4 d5 8. Nc3 dxc4 9. Bxc4 Ne5 10. Be2 Bc5 11. 0-0 0-0 12. Rc1 Bb6 13. Nf3 Neg4 14. Nd5 Nxd5 15. Qxd5 Qe7 16. Ne5 Nxe5 1/2-1/2

[Event "IECG CP.1998.Q.00007"]
[Site "IECG email"]
[Date "1999.??.??"]
[Round "?"]
[White "Calvert, Ian"]
[Black "Rensen, Martin"]
[Result "0-1"]
[WhiteElo "2065"]
[BlackElo "2173"]
[PlyCount "110"]
[EventDate "1999.10.01"]
[EventType "tourn (corr)"]
[EventRounds "8"]
[EventCountry "NED"]
[SourceTitle "Corr 2008"]
[Source "ChessBase"]
[SourceDate "2008.06.24"]
[SourceVersion "1"]
[SourceVersionDate "2008.06.24"]
[SourceQuality "1"]

1. b3 d5 2. Bb2 Bg4 3. Nf3 Bxf3 4. exf3 Nd7 5. g3 Ngf6 6. f4 g6 7. Bg2 e6 8. 0-0 Bg7 9. d3 0-0 10. Nd2 c5 11. Nf3 d4 12. b4 Qb6 13. Rb1 Nd5 14. bxc5 Qxc5 15. Re1 Rac8 16. Ne5 Nxe5 17. fxe5 b5 18. Qg4 Nc3 19. Bxc3 Qxc3 20. Qe4 a6 21. Rec1 Qd2 22. Qxd4 Rxc2 23. Rxc2 Qxc2 24. Ra1 Qe2 25. f4 Rc8 26. Bf1 Qd2 27. Qf2 Rc2 28. Qxd2 Rxd2 29. a4 b4 30. a5 Bf8 31. d4 b3 32. Bxa6 b2 33. Rb1 Bb4 34. Kf1 Bxa5 35. Be2 Bc3 36. Kf2 Bxd4+ 37. Kf3 Kg7 38. h3 f6 39. exf6+ Kxf6 40. Bc4 Bc5 41. g4 e5 42. fxe5+ Kxe5 43. Bg8 h6 44. Re1+ Kd4 45. Bh7 g5 46. Bb1 Rd3+ 47. Kg2 Kc3 48. Rf1 Bd6 49. Bxd3 Kxd3 50. Rd1+ Kc2 51. Rxd6 b1Q 52. Rf6 Qb5 53. Rf5 Qc6+ 54. Kg3 Kd2 55. Rf3 Ke1 0-1

[Event "IECG CP.1998.Q.00007"]
[Site "IECG email"]
[Date "1999.??.??"]
[Round "?"]
[White "Voehringer, Andreas"]
[Black "Calvert, Ian"]
[Result "1/2-1/2"]
[WhiteElo "1753"]
[BlackElo "2065"]
[PlyCount "69"]
[EventDate "1999.10.01"]
[EventType "tourn (corr)"]
[EventRounds "8"]
[EventCountry "NED"]
[SourceTitle "Corr 2008"]
[Source "ChessBase"]
[SourceDate "2008.06.24"]
[SourceVersion "1"]
[SourceVersionDate "2008.06.24"]
[SourceQuality "1"]

1. e4 c6 2. d4 d5 3. Nd2 dxe4 4. Nxe4 Nd7 5. Bc4 Ngf6 6. Ng5 e6 7. Qe2 Nb6 8. Bb3 h6 9. N5f3 a5 10. c3 c5 11. Bd2 a4 12. Bc2 Qc7 13. Rc1 Nbd5 14. Ne5 Bd6 15. Ngf3 a3 16. b3 b6 17. dxc5 Qxc5 18. 0-0 Bb7 19. Rfd1 0-0 20. c4 Nb4 21. Bb1 Rad8 22. Bc3 Nd7 23. Nxd7 Rxd7 24. Rd2 Rfd8 25. Rcd1 Qc6 26. Qf1 Bc5 27. Nd4 Qc8 28. Qe2 Nc6 29. Nb5 Rxd2 30. Rxd2 e5 31. Rxd8+ Qxd8 32. Be4 Nd4 33. Bxd4 Bxe4 34. Bxc5 bxc5 35. Nxa3 1/2-1/2